000
00221nam a22000977a 4500
008
180806b xxu||||| |||| 00| 0 eng d
082
_a
813.52
245
_a
Reading Road Trip
_c
Wesley,A
300
_a
1
_f
CD
942
_2
ddc
_c
MX
999
_c
46865
_d
46865